| 000 | 00403nam a2200169Ia 4500 | ||
|---|---|---|---|
| 001 | 24754 | ||
| 005 | 20260414151104.0 | ||
| 008 | 260414t2011||||xx |||||||||||||| ||spa|| | ||
| 041 | _aESP | ||
| 082 |
_a345.733 _bC268 |
||
| 100 |
_aCouture, Eduardo J. _eAUT |
||
| 245 | 0 |
_aLecturas esenciales de derecho notarial _b |
|
| 260 | _c2011 | ||
| 650 | _aDER | ||
| 654 | _aCDE | ||
| 942 |
_cLIB _dJUS _fJUS _2ddc _n |
||
| 999 |
_c24754 _d24754 |
||